| 000 | 00500nam a2200169 a 4500 | ||
|---|---|---|---|
| 005 | 20140412111333.0 | ||
| 008 | 050418s19uu xx 00 eng d | ||
| 020 | _a0-201-19326-4 | ||
| 050 |
_aBB _bRa112 1989 |
||
| 245 |
_aThe Rabbit and the turnip / _cIllustrator Frank Bozzo. |
||
| 260 |
_aMassachusetts : _bAddison-Wesley Publishing Comp, _c1989. |
||
| 300 | _a16 p. ; ill. | ||
| 440 | _aAddison-Wesley, Level B | ||
| 650 |
_aKindness _xFiction |
||
| 650 | _aChildren stories | ||
| 999 |
_c104974 _d104974 |
||